000 00810 a2200181 4500
001 139463
040 _cLeonardo Da Vinci
041 _aPortuguês
082 _a540 L564qc
_bL564qc
100 _aLEMBO, Antônio
245 _aQuímica
_brealidade e contexto : química geral : manual do professor
250 _av.1
260 _bÁtica
_c1999
_aSão Paulo
300 _a160
362 _a19990000
697 _aQuímica
_aQuímica geral
_aManual do professor
_aMétodos pedagógicos
_aMatéria
_aMisturas
_aEstrutura atômica
_aModelo atômico
_aÁtomos
_aLigações químicas
_aGeometria molecular
_aÁcidos
_aBases
_aSais inorgânicos
_aÓxidos inorgânicos
_aReações químicas
_aMassa atômica
_aMassa molecular
_aGases
_aCálculo químico
_aCálculo estequiométrico
_aQuímica inorgânica
_aEnsino Médio
942 _cBK
999 _c139463
_d139463